Initiatives to empower rural youth (Record no. 510344)
[ view plain ]
| 000 -LEADER | |
|---|---|
| fixed length control field | 00364nam a2200145 4500 |
| 008 - FIXED-LENGTH DATA ELEMENTS--GENERAL INFORMATION | |
| fixed length control field | 190812b ||||| |||| 00| 0 eng d |
| 100 ## - MAIN ENTRY--PERSONAL NAME | |
| Personal name | Sahoo, Pravakar |
| 245 ## - TITLE STATEMENT | |
| Title | Initiatives to empower rural youth |
| 260 ## - PUBLICATION, DISTRIBUTION, ETC. (IMPRINT) | |
| Date of publication, distribution, etc | 2019 |
| 300 ## - PHYSICAL DESCRIPTION | |
| Extent | p.33-39. |
| 700 ## - ADDED ENTRY--PERSONAL NAME | |
| Personal name | Bhunia, Abhirup |
| 9 (RLIN) | 8162 |
| 773 ## - HOST ITEM ENTRY | |
| Main entry heading | Kurukshetra |
| 906 ## - LOCAL DATA ELEMENT F, LDF (RLIN) | |
| Subject DIP | Youth, Rural |
| 942 ## - ADDED ENTRY ELEMENTS (KOHA) | |
| Source of classification or shelving scheme | |
| Item type | Articles |
| Withdrawn status | Lost status | Source of classification or shelving scheme | Damaged status | Not for loan | Permanent location | Current location | Date acquired | Serial Enumeration / chronology | Barcode | Date last seen | Koha item type |
|---|---|---|---|---|---|---|---|---|---|---|---|
| Indian Institute of Public Administration | Indian Institute of Public Administration | 2019-08-12 | 67(5), Mar, 2019: p.33-39. | AR120239 | 2019-08-12 | Articles |
